000 00293nam a22001337a 4500
008 180119b xxu||||| |||| 00| 0 eng d
020 _a9781455745807
041 _aeng
080 _24 ed
_a61
100 _a3
101 _ashm
245 _amedical biochemistry
_cjohn.w.b
942 _2udc
_cBK
999 _c40548
_d40548